000 00929nam a22002417a 4500
999 _c19036
_d19036
003 AR-CdUCM
008 190516b ||||| |||| 00| 0 spa d
020 _a968-16-1626-X
040 _aMUNICIPALIDAD PROVINCIAL DEL CUSCO
_cBIBLIOTECA MUNICIPAL DEL CUSCO
082 _a869.15 /
_bP39
100 _aPellicer, Carlos
_917524
245 _aHora de junio y práctica de vuelo /
260 _aMéxico :
_bFondo de Cultura Económica,
_c1984.
300 _a145 páginas ;
_c22 cm.
440 _aLecturas Mexicanas.
_n22
_940096
505 _aContenido: Hora de junio -- La voz -- Sonetos bajo el signo de la cruz -- Sonetos lamentables -- Sonetos de esperanza -- Sonetos de la luz -- Sonetos todo un día ...
650 _aLiteratura Mexicana
_94259
650 _aSiglo XX
_98
650 _aSonetos
_917003
710 _aSecretaria de Educación Pública Cultura SEP.
_931711
942 _2ddc
_cLIBROS
945 _aachl
_d2019-05-16